000 02114nam a22003137a 4500
005 20110722120559.0
010 _aB-427857-864
020 _a9789380710013
_c195.00
037 _bBPPD/PUB
037 _bAllied Pub/Ven
082 _a395
100 _aBedi, Kiran
_930629
245 _aBroom Groom /
_c by Kiran Bedi [and] Pavan Choudary
260 _aGurgaon
_bWisdom Village (Publication Division)
_c2010
270 _a649,O4U, Udyog Vihar, Phase V,
_bGurgaon, Haryana
_e122001
300 2 _a168p. .
_c15cm(Hb)
650 _aNovel
_9904
710 _929906
_aChoudary, Pavan
942 _2ddc
_cEN
_mBED
_h395
999 _c54225
_d54225